[Event "Bischwiller II-Saverne"]
[Site "Bischwiller"]
[Date "2008.??.10"]
[Round "7.4"]
[White "Ruffenach, Alain"]
[Black "Schulz, Vladimir"]
[Result "0-1"]
[WhiteElo "2064"]
[BlackElo "2204"]
[PlyCount "90"]
[EventDate "2008.02.10"]
[SourceDate "2007.10.27"]

1. d4 Nf6 2. Nf3 g6 3. c4 Bg7 4. Nc3 d5 5. cxd5 Nxd5 6. e4 Nxc3 7. bxc3 c5 8.
Be3 O-O 9. Qd2 cxd4 10. cxd4 Nc6 11. Bb5 Na5 12. O-O a6 13. Be2 Bg4 14. Rac1
Nc6 15. d5 Bxf3 16. Bxf3 Ne5 17. Be2 f6 18. Qb4 Qd7 19. h3 Nf7 20. Rfd1 Nd6 21.
Bg4 f5 22. exf5 gxf5 23. Bf3 Rac8 24. g4 Rxc1 25. Rxc1 Rc8 26. Rxc8+ Qxc8 27.
gxf5 Qxf5 28. Qg4 b5 29. Kg2 a5 30. Bb6 Qxg4+ 31. hxg4 Bc3 32. Be2 a4 33. Bc5
b4 34. Bxd6 exd6 35. Bd1 b3 36. Bxb3 axb3 37. axb3 Kf7 38. f4 Kg6 39. Kf3 h5
40. gxh5+ Kxh5 41. Ke4 Kg4 42. f5 Kg5 43. Kd3 Be1 44. Kc4 Kxf5 45. b4 Ke5 0-1

[Event "Bischwiller II-Saverne"]
[Site "Bischwiller"]
[Date "2008.02.10"]
[Round "7.5"]
[White "Netzer, Jacques"]
[Black "Kropp, Volker"]
[Result "1/2-1/2"]
[WhiteElo "2011"]
[BlackElo "2090"]
[PlyCount "52"]
[EventDate "2008.02.10"]
[SourceDate "2007.10.27"]

1. e4 c5 2. Nf3 Nc6 3. d4 cxd4 4. Nxd4 Nf6 5. Nc3 e5 6. Ndb5 d6 7. Bg5 a6 8.
Na3 b5 9. Nd5 Be7 10. Bxf6 Bxf6 11. c3 Bg5 12. Nc2 Rb8 13. a4 bxa4 14. Ncb4
Nxb4 15. Nxb4 Qb6 16. Qxa4+ Kf8 17. Qa5 g6 18. Qxb6 Rxb6 19. Bxa6 Kg7 20. Bxc8
Rxc8 21. Ke2 f5 22. Ra7+ Kg8 23. exf5 gxf5 24. Rd7 e4 25. Ra1 Bh6 26. Raa7 Rxb4
1/2-1/2

[Event "Bischwiller II-Saverne"]
[Site "Bischwiller"]
[Date "2008.02.10"]
[Round "7.6"]
[White "Berring, Alain"]
[Black "Genzling, Sylvie"]
[Result "1/2-1/2"]
[WhiteElo "2030"]
[BlackElo "1942"]
[PlyCount "56"]
[EventDate "2008.02.10"]
[SourceDate "2007.10.27"]

1. c4 e6 2. Nc3 d5 3. d4 Nf6 4. cxd5 exd5 5. Bg5 Be7 6. e3 O-O 7. Bd3 c6 8. Qc2
Nbd7 9. Nge2 Re8 10. O-O Nf8 11. f3 h6 12. Bh4 Be6 13. Rad1 Qc8 14. Bf2 a6 15.
Na4 N8d7 16. h3 b5 17. Nac3 c5 18. Bf5 Bxf5 19. Qxf5 Nb6 20. Qc2 Bf8 21. Rc1
cxd4 22. Nxd4 Qb7 23. Qd3 Nc4 24. b3 Ne5 25. Qd1 Ng6 26. Qd3 Ne5 27. Qd1 Ng6
28. Qd3 Ne5 1/2-1/2

[Event "Bischwiller II-Saverne"]
[Site "Bischwiller"]
[Date "2008.02.10"]
[Round "7.7"]
[White "Saatdjian, Stephane"]
[Black "Brolly, Pierre Louis"]
[Result "0-1"]
[WhiteElo "1881"]
[BlackElo "1984"]
[PlyCount "72"]
[EventDate "2008.02.10"]
[SourceDate "2007.10.27"]

1. e4 c5 2. Nf3 Nc6 3. Bb5 g6 4. Bxc6 dxc6 5. h3 Bg7 6. Nc3 Nf6 7. O-O Nd7 8.
d3 Nf8 9. Nh2 Ne6 10. f4 Nd4 11. Ne2 b6 12. c3 Nxe2+ 13. Qxe2 Ba6 14. c4 Qd4+
15. Kh1 Rd8 16. Rf3 Bc8 17. Rb1 O-O 18. b3 Qd6 19. Bb2 Bd4 20. Bxd4 Qxd4 21.
Qb2 f6 22. Qxd4 Rxd4 23. Re1 Rfd8 24. Ree3 Be6 25. Kg1 b5 26. Kf2 a5 27. Nf1 a4
28. Nd2 bxc4 29. bxc4 Rb8 30. Ke2 Rb2 31. a3 Bxc4 32. Kd1 Bb3+ 33. Kc1 Rc2+ 34.
Kd1 c4 35. e5 c3 36. Ne4 Rxg2+ 0-1

[Event "Bischwiller II-Saverne"]
[Site "Bischwiller"]
[Date "2008.02.10"]
[Round "7.8"]
[White "Kuchly, Audrey"]
[Black "Carrere, Clement"]
[Result "1/2-1/2"]
[WhiteElo "1620"]
[BlackElo "1820"]
[PlyCount "177"]
[EventDate "2008.02.10"]
[SourceDate "2007.10.27"]

1. e4 Nf6 2. e5 Nd5 3. d4 d6 4. exd6 exd6 5. Bc4 Nb6 6. Bb3 Nc6 7. c3 Be7 8.
Nf3 O-O 9. Nbd2 Be6 10. Bc2 Qd7 11. O-O d5 12. Re1 Bg4 13. Nf1 Bf5 14. Ng3 Bg6
15. Bf4 Rfe8 16. b3 Bd6 17. Rxe8+ Rxe8 18. Bxg6 hxg6 19. Bxd6 Qxd6 20. Qd2 f6
21. Qd3 Kf7 22. h3 Nd7 23. Qd2 b6 24. Re1 Rxe1+ 25. Qxe1 a5 26. Qb1 Na7 27. Nh4
f5 28. Nf3 Qe7 29. Qd3 c6 30. Kf1 Nb5 31. Ne2 Kf6 32. g3 Qe4 33. Qxe4 dxe4 34.
Nd2 g5 35. a4 Nd6 36. Kg2 Ke6 37. c4 g6 38. Kf1 Nf6 39. Kg1 Nh5 40. Kh2 f4 41.
g4 Nf6 42. Kg1 Nd7 43. Nc3 Nf6 44. Kf1 c5 45. dxc5 bxc5 46. Ke2 Ke5 47. Nb5 Nb7
48. Kd1 f3 49. Ke1 Kf4 50. Nf1 Nd7 51. Ne3 Nb8 52. Nc7 Nc6 53. Ne6+ Ke5 54.
Nxg5 Nd6 55. Kd2 Nd4 56. Kc3 Kf4 57. h4 Ke5 58. Kb2 Ne2 59. Kc2 Nf4 60. Kd2 Ng2
61. h5 Kf6 62. Nh7+ Kg7 63. Ng5 Nf4 64. Nd5 Nd3 65. Ke3 gxh5 66. gxh5 Nc1 67.
Nxe4 Nxe4 68. Kxe4 Nxb3 69. Kxf3 Nd2+ 70. Kg4 Nxc4 71. Kg5 Ne5 72. h6+ Kh7 73.
Nf6+ Kh8 74. h7 c4 75. Nd5 Kxh7 76. f4 Nf7+ 77. Kf6 Nd6 78. Ke6 Ne4 79. f5 c3
80. Nxc3 Nxc3 81. f6 Kg8 82. Ke7 Nd5+ 83. Ke6 Nxf6 84. Kxf6 Kf8 85. Ke6 Ke8 86.
Kd6 Kd8 87. Kc6 Kc8 88. Kb6 Kb8 89. Kxa5 1/2-1/2

[Event "Montrevel en Bresse-Grenoble"]
[Site "Grenoble"]
[Date "2008.02.10"]
[Round "7.1"]
[White "Lamoureux, Charles"]
[Black "Rodrigues, Emmanuel"]
[Result "1-0"]
[WhiteElo "2354"]
[BlackElo "2148"]
[PlyCount "93"]
[EventDate "2008.02.10"]
[SourceDate "2007.10.27"]

1. e4 e5 2. Nf3 Nc6 3. Bc4 Nf6 4. d3 Bc5 5. c3 a6 6. Nbd2 Ba7 7. Bb3 O-O 8. O-O
d6 9. h3 Be6 10. Re1 Bxb3 11. Qxb3 Qd7 12. Nf1 Rab8 13. Ng3 Rfe8 14. Nh4 Qe6
15. Qd1 d5 16. Qf3 dxe4 17. dxe4 Kh8 18. Nhf5 Ne7 19. Bg5 Nxf5 20. exf5 Qb6 21.
Bxf6 Qxf6 22. Ne4 Qh6 23. f6 g6 24. Rad1 Rbd8 25. Rxd8 Rxd8 26. Rd1 Qf8 27. h4
h6 28. g3 Qe8 29. Rd3 Rxd3 30. Qxd3 Kg8 31. Qd2 Kh7 32. Qd5 b5 33. b3 Bb6 34.
Kg2 Kg8 35. c4 bxc4 36. bxc4 c6 37. Qd6 Bd4 38. c5 Qc8 39. Qe7 Qf8 40. a4 Qc8
41. Qa7 h5 42. Qe7 Qf8 43. Qb7 Bxc5 44. Qxc6 Bd4 45. Qxa6 Qd8 46. Qb7 Ba1 47.
a5 1-0

[Event "Montrevel en Bresse-Grenoble"]
[Site "Grenoble"]
[Date "2008.02.10"]
[Round "7.2"]
[White "Chevant, Louis"]
[Black "Ivanov, Jordan"]
[Result "0-1"]
[WhiteElo "2196"]
[BlackElo "2371"]
[PlyCount "92"]
[EventDate "2008.02.10"]
[SourceDate "2007.10.27"]

1. Nf3 d5 2. c4 dxc4 3. Qa4+ Nc6 4. Qxc4 e5 5. g3 a6 6. d3 Be6 7. Qa4 Qd7 8.
Bg2 f6 9. Nc3 Nge7 10. a3 Nd4 11. Qxd7+ Kxd7 12. Nxd4 exd4 13. Ne4 Nd5 14. O-O
a5 15. Bd2 a4 16. Rac1 b6 17. f4 c5 18. f5 Bf7 19. g4 h6 20. h4 Be7 21. Bf3
Rac8 22. Kf2 b5 23. e3 dxe3+ 24. Bxe3 Nxe3 25. Kxe3 Rhe8 26. Kf2 Bd6 27. Nxd6
Kxd6 28. Rfe1 Rxe1 29. Rxe1 Re8 30. Be4 Rb8 31. Rc1 b4 32. axb4 Rxb4 33. Rc2
Bb3 34. Rd2 Ke5 35. Ke3 Rd4 36. Rg2 c4 37. Rd2 cxd3 38. Bxd3 Rxg4 39. Be2 Rxh4
40. Rd7 Rh3+ 41. Kf2 Kxf5 42. Rxg7 Rh2+ 43. Ke3 h5 44. Ra7 Rh3+ 45. Kf2 Kf4 46.
Ba6 Rh2+ 0-1

[Event "Montrevel en Bresse-Grenoble"]
[Site "Grenoble"]
[Date "2008.02.10"]
[Round "7.3"]
[White "Cavillon, Fabien"]
[Black "Broca, Alexandre"]
[Result "1/2-1/2"]
[WhiteElo "2110"]
[BlackElo "2149"]
[PlyCount "82"]
[EventDate "2008.02.10"]
[SourceDate "2007.10.27"]

1. e4 e5 2. Nf3 Nc6 3. Bb5 a6 4. Ba4 Nf6 5. Qe2 b5 6. Bb3 Bc5 7. d3 d6 8. c3
O-O 9. O-O Ba7 10. Bg5 h6 11. Be3 Ne7 12. Nbd2 Ng6 13. d4 Nh5 14. g3 Nf6 15. d5
Qd7 16. Bxa7 Rxa7 17. Rfe1 Qh3 18. Bd1 Ng4 19. Qf1 Qxf1+ 20. Nxf1 f5 21. N3d2
fxe4 22. Nxe4 Ne7 23. f3 Nf6 24. Nxf6+ gxf6 25. a4 Bd7 26. axb5 Bxb5 27. Ne3
Rfa8 28. Ra5 Kg7 29. Bc2 c5 30. Rea1 h5 31. Kf2 Kh6 32. Bf5 Kg5 33. h4+ Kh6 34.
Bc2 Kg7 35. Ba4 Bd3 36. Rd1 e4 37. fxe4 Bxe4 38. Bc2 Bxc2 39. Nxc2 Rb8 40. b4
cxb4 41. Nxb4 Rb5 1/2-1/2

[Event "Montrevel en Bresse-Grenoble"]
[Site "Grenoble"]
[Date "2008.02.10"]
[Round "7.4"]
[White "Forgues, Fabien"]
[Black "Lamoureux, Izabelle"]
[Result "0-1"]
[WhiteElo "2146"]
[BlackElo "2095"]
[PlyCount "144"]
[EventDate "2008.02.10"]
[SourceDate "2007.10.27"]

1. e4 c5 2. Nf3 Nc6 3. d4 cxd4 4. Nxd4 Nf6 5. Nc3 e5 6. Ndb5 d6 7. Nd5 Nxd5 8.
exd5 Nb8 9. c4 a6 10. Nc3 Be7 11. Be2 O-O 12. O-O Nd7 13. Kh1 f5 14. f4 Kh8 15.
Qc2 b6 16. Be3 exf4 17. Bxf4 Ne5 18. Rad1 Qc7 19. Qb3 Bd7 20. Nb1 Bf6 21. Na3
Rab8 22. Rc1 Rfe8 23. Qb4 Re7 24. Rfd1 Qc5 25. Qd2 Ng6 26. Bg3 f4 27. Be1 Qe3
28. Bf1 Bg4 29. Bf2 Qe5 30. Bd4 Qg5 31. Re1 Bxd4 32. Qxd4 Ne5 33. Qf2 Rf7 34.
Nc2 f3 35. g3 Bf5 36. Ne3 Bd3 37. Rc3 Qg6 38. Bh3 Be2 39. Rxe2 fxe2 40. Qxe2
Rbf8 41. Nd1 Qb1 42. Qc2 Rf1+ 43. Bxf1 Rxf1+ 44. Kg2 Qxd1 45. Qxd1 Rxd1 46. b4
Rd2+ 47. Kh3 Nd3 48. Ra3 Nxb4 49. Rb3 a5 50. a3 Rd3 51. Rb2 Rxa3 52. Re2 Kg8
53. Re6 Rc3 54. Rxd6 Rxc4 55. Rxb6 Rd4 56. d6 a4 57. d7 Rxd7 58. Rxb4 Ra7 59.
Kg4 Kf7 60. Kf5 a3 61. Rb1 Ra5+ 62. Ke4 a2 63. Ra1 Ke6 64. h3 Ra4+ 65. Kd3 Kd5
66. h4 h5 67. Kc3 Ke4 68. Kb3 Ra7 69. Kb2 Kf3 70. Rf1+ Kxg3 71. Ka1 Kxh4 72.
Rh1+ Kg5 0-1

[Event "Montrevel en Bresse-Grenoble"]
[Site "Grenoble"]
[Date "2008.02.10"]
[Round "7.5"]
[White "Damboise, Pierre Olivier"]
[Black "Tching Sin, Olivier"]
[Result "0-1"]
[WhiteElo "1926"]
[BlackElo "2034"]
[PlyCount "122"]
[EventDate "2008.02.10"]
[SourceDate "2007.10.27"]

1. e4 c5 2. Nf3 Nc6 3. c3 d5 4. exd5 Qxd5 5. d4 Nf6 6. Be2 cxd4 7. cxd4 e6 8.
O-O Be7 9. Nc3 Qd6 10. Nb5 Qd8 11. Bf4 Nd5 12. Bg3 a6 13. Nc3 O-O 14. Rc1 Qa5
15. a3 Rd8 16. Qd2 Bf6 17. Nxd5 Qxd5 18. Bc7 Nxd4 19. Nxd4 Qxd4 20. Qa5 Rd5 21.
Rfd1 Rxa5 22. Rxd4 Bxd4 23. Bxa5 Bd7 24. Bf3 Bxb2 25. Rc7 Bc6 26. Bxc6 bxc6 27.
Bb4 g6 28. Rxc6 h5 29. Kf1 a5 30. Be7 Rb8 31. Ra6 Rb5 32. Ke2 Rd5 33. Rd6 Rb5
34. g3 Kg7 35. Rd3 Bf6 36. Bd6 g5 37. h3 Kg6 38. f3 Be5 39. Bxe5 Rxe5+ 40. Kf2
f5 41. Rd6 Kf6 42. Rd8 Rb5 43. Rd3 f4 44. gxf4 gxf4 45. h4 Kf5 46. Rc3 e5 47.
Rc4 Rb2+ 48. Kf1 Rb3 49. Kf2 Rxa3 50. Ke2 a4 51. Rc8 Re3+ 52. Kf2 a3 53. Rh8
Rb3 54. Ke2 a2 55. Rf8+ Ke6 56. Ra8 Rb2+ 57. Kd3 Rf2 58. Ke4 Re2+ 59. Kd3 Re3+
60. Kd2 Rxf3 61. Ke2 Rh3 0-1

[Event "Montrevel en Bresse-Grenoble"]
[Site "Grenoble"]
[Date "2008.02.10"]
[Round "7.6"]
[White "Calin, Miguel"]
[Black "Testard, Philippe"]
[Result "1-0"]
[WhiteElo "2019"]
[BlackElo "1972"]
[PlyCount "137"]
[EventDate "2008.02.10"]
[SourceDate "2007.10.27"]

1. f4 c5 2. Nf3 Nc6 3. b3 Nf6 4. Bb2 e6 5. e3 a6 6. a3 d6 7. Bd3 b6 8. O-O Bb7
9. e4 Be7 10. e5 Nd7 11. f5 d5 12. fxe6 Nf8 13. exf7+ Kd7 14. Bf5+ Kc7 15. Nc3
g6 16. Bh3 h5 17. e6 d4 18. Ne2 g5 19. Bf5 Qd5 20. Ne1 Nxe6 21. c4 Qd6 22. Nd3
Ncd8 23. Ng3 Nf4 24. Ne4 Qh6 25. Nxf4 gxf4 26. Qf3 Nxf7 27. Qxf4+ Qxf4 28. Rxf4
Nd6 29. Nxd6 Bxd6 30. Rf2 Rhg8 31. Raf1 Raf8 32. Bh3 Be4 33. Rf7+ Rxf7 34.
Rxf7+ Kb8 35. Rd7 Bc7 36. Re7 Bc2 37. b4 Bd3 38. bxc5 bxc5 39. a4 Bxc4 40. Ba3
Rg5 41. Bc1 Re5 42. Rxe5 Bxe5 43. Bd7 Kc7 44. Be8 h4 45. Ba3 Kd6 46. Bg6 Bb3
47. Bd3 Bxa4 48. Bxa6 Kc6 49. d3 Bf4 50. Bc8 Bc2 51. Ba6 Bb3 52. h3 Be6 53. Kf1
Kb6 54. Bc4 Bxc4 55. dxc4 Bd6 56. Ke2 Ka5 57. Kd3 Ka4 58. Bc1 Be7 59. Bf4 Kb3
60. g3 hxg3 61. Bxg3 Bf6 62. h4 Kb4 63. h5 Bg5 64. Bd6 Bh6 65. Be7 Bg7 66. Bg5
Ka5 67. h6 Bh8 68. Be7 Kb6 69. Bf8 1-0

[Event "Montrevel en Bresse-Grenoble"]
[Site "Grenoble"]
[Date "2008.02.10"]
[Round "7.7"]
[White "Chebance, Benoit"]
[Black "Schmittheisler, Guillaume"]
[Result "0-1"]
[WhiteElo "2001"]
[BlackElo "1825"]
[PlyCount "58"]
[EventDate "2008.02.10"]
[SourceDate "2007.10.27"]

1. e4 e6 2. d4 d5 3. Nd2 Nf6 4. e5 Nfd7 5. Bd3 c5 6. c3 Nc6 7. Ngf3 Be7 8. a3
Qb6 9. O-O cxd4 10. cxd4 Nxd4 11. Nxd4 Qxd4 12. Nf3 Qb6 13. Qa4 d4 14. b4 O-O
15. Bb2 Nc5 16. bxc5 Qxb2 17. Rfc1 Bxc5 18. Qd1 Be7 19. Rc7 Bd8 20. Rc4 Bd7 21.
Rb1 Qxa3 22. Rxb7 Be8 23. Nxd4 Bb6 24. Nc2 Qb2 25. Be4 Rd8 26. Qe2 Bb5 27.
Bxh7+ Kxh7 28. Rh4+ Kg8 29. Qe4 Rd1+ 0-1

[Event "Montrevel en Bresse-Grenoble"]
[Site "Grenoble"]
[Date "2008.02.10"]
[Round "7.8"]
[White "Hourlier, Claire"]
[Black "Wlassewitch, Sylvain"]
[Result "1/2-1/2"]
[WhiteElo "1920"]
[BlackElo "1816"]
[PlyCount "151"]
[EventDate "2008.02.10"]
[SourceDate "2007.10.27"]

1. e4 e5 2. Nf3 Nc6 3. Bc4 Bc5 4. d3 Nf6 5. Bg5 O-O 6. Nc3 Be7 7. O-O d6 8. Qd2
Bg4 9. Ne1 Na5 10. f4 Nxc4 11. dxc4 exf4 12. Rxf4 Be6 13. Nd3 Bxc4 14. e5 Ne4
15. Bxe7 Nxd2 16. Bxd8 Rfxd8 17. exd6 Rxd6 18. Ne5 Be6 19. b3 a6 20. Rd1 Rad8
21. Nd3 Rc6 22. Rxd2 Rxc3 23. Re2 g6 24. Ne5 Rd1+ 25. Rf1 Rxf1+ 26. Kxf1 Bf5
27. g4 Bxc2 28. Rd2 Rc5 29. Nd7 Rc6 30. g5 Bf5 31. Nf6+ Kf8 32. Nxh7+ Kg7 33.
Nf6 Rc1+ 34. Kf2 Rc2 35. Rxc2 Bxc2 36. Ne8+ Kf8 37. Nxc7 Be4 38. Ke3 Bc6 39.
Kd4 Ke7 40. Ke5 Bg2 41. Nd5+ Kd7 42. Nf4 Bf3 43. Kf6 Ke8 44. Nd3 Bc6 45. Ne5
Bd5 46. h4 b5 47. Nd3 a5 48. Nc5 a4 49. Ke5 axb3 50. axb3 Bf3 51. Kd6 Bg2 52.
Na6 Bf1 53. b4 Kd8 54. Nc7 Be2 55. Kc6 Bf3+ 56. Kb6 Ke7 57. Kc5 f6 58. gxf6+
Kxf6 59. Nxb5 g5 60. hxg5+ Kxg5 61. Nd4 Ba8 62. b5 Kf6 63. Kd6 Kf7 64. Kc7 Bg2
65. b6 Ba8 66. Nc6 Ke6 67. Nd8+ Kd5 68. Nb7 Kc4 69. Kb8 Kb5 70. Ka7 Kc6 71.
Na5+ Kb5 72. Nc4 Bh1 73. Nd6+ Kc5 74. Nc8 Kb5 75. Kb8 Bg2 76. Kc7 1/2-1/2

[Event "Bischwiller II-Mundolsheim"]
[Site "Mundolsheim"]
[Date "2008.03.15"]
[Round "8.1"]
[White "Dobosz, Henryk"]
[Black "Bogner, Sebastian"]
[Result "1-0"]
[WhiteElo "2430"]
[BlackElo "2401"]
[PlyCount "81"]
[EventDate "2008.03.15"]
[SourceDate "2007.10.27"]

1. d4 Nf6 2. Nf3 g6 3. c4 Bg7 4. Nc3 O-O 5. e4 d6 6. h3 e5 7. d5 a5 8. Bg5 Na6
9. Nd2 Qe8 10. Be2 Kh8 11. h4 h5 12. Nf1 Ng4 13. f3 Nh6 14. g4 f6 15. Be3 Bd7
16. Rg1 Kh7 17. Qd2 Qf7 18. O-O-O Nc5 19. Kb1 a4 20. Rg2 Qe7 21. gxh5 gxh5 22.
Ng3 Qf7 23. Rdg1 Rg8 24. Qc2 Bh3 25. Rh2 Bd7 26. Rhg2 Bh3 27. Rh2 Bd7 28. Bf1
f5 29. exf5 Kh8 30. Bxc5 dxc5 31. Bd3 Bf6 32. Qc1 Qh7 33. Nxh5 Rxg1 34. Qxg1
Rg8 35. Rg2 Rxg2 36. Qxg2 Bxh4 37. Qh2 Nxf5 38. Qxe5+ Kg8 39. Qxc7 Qg6 40. Ne2
Qe8 41. Nhf4 1-0

[Event "Bischwiller II-Mundolsheim"]
[Site "Mundolsheim"]
[Date "2008.03.15"]
[Round "8.2"]
[White "Anka, Emil"]
[Black "Strohhaeker, Raoul"]
[Result "1/2-1/2"]
[WhiteElo "2400"]
[BlackElo "2393"]
[PlyCount "100"]
[EventDate "2008.03.15"]
[SourceDate "2007.10.27"]

1. e4 c5 2. Nf3 e6 3. d4 cxd4 4. Nxd4 Nc6 5. Nb5 d6 6. c4 a6 7. N5c3 Nf6 8. Be2
Be7 9. O-O O-O 10. Be3 b6 11. f3 Ra7 12. Qb3 Rb7 13. Na3 Bd7 14. Rfd1 Qb8 15.
Qc2 Rc8 16. Qd2 Ne5 17. Rac1 h5 18. Ncb1 b5 19. b3 d5 20. exd5 exd5 21. cxb5
Rxc1 22. Qxc1 axb5 23. Nc2 b4 24. Nd2 Rc7 25. Qb2 Bd6 26. Nf1 Ng6 27. Bd4 Nf4
28. Nce3 Be6 29. Bd3 Nxd3 30. Rxd3 Qb5 31. Rd1 Be7 32. Ng3 h4 33. Ngf5 Bxf5 34.
Nxf5 h3 35. gxh3 Bc5 36. Kh1 Bxd4 37. Nxd4 Qd7 38. Qg2 Qc8 39. Rg1 g6 40. Qg5
Nh7 41. Qxd5 Rc1 42. Ne2 Rxg1+ 43. Nxg1 Qc3 44. Qd8+ Kg7 45. Qd1 Nf6 46. Kg2
Qb2+ 47. Qe2 Qc3 48. Qd1 Qb2+ 49. Qe2 Qc3 50. Qd1 Qb2+ 1/2-1/2

[Event "Bischwiller II-Mundolsheim"]
[Site "Mundolsheim"]
[Date "2008.03.15"]
[Round "8.3"]
[White "Eisenbeiser, Amadeus"]
[Black "Peter, Sebastien"]
[Result "1-0"]
[WhiteElo "2319"]
[BlackElo "2279"]
[PlyCount "63"]
[EventDate "2008.03.15"]
[SourceDate "2007.10.27"]

1. e4 e6 2. d4 d5 3. Nd2 Nf6 4. e5 Nfd7 5. Bd3 c5 6. c3 Nc6 7. Ndf3 cxd4 8.
cxd4 f6 9. exf6 Nxf6 10. Nh3 Bd6 11. O-O O-O 12. Re1 Qc7 13. Nhg5 h6 14. Nxe6
Bxe6 15. Rxe6 Ng4 16. Rg6 Bxh2+ 17. Kf1 Qd7 18. Bxh6 Rxf3 19. Qxf3 Nxh6 20. Qh5
Nb4 21. Rxh6 gxh6 22. Qxh2 Qg4 23. Be2 Qxd4 24. Rd1 Qxb2 25. Qxh6 Rf8 26. Qg5+
Kh8 27. Qh4+ Kg7 28. Qg3+ Kh8 29. a3 Nc2 30. Bd3 Rf7 31. Qh4+ Kg8 32. Qg4+ 1-0

[Event "Bischwiller II-Mundolsheim"]
[Site "Mundolsheim"]
[Date "2008.03.15"]
[Round "8.4"]
[White "Martin, Cedric"]
[Black "Genzling, Alain"]
[Result "0-1"]
[WhiteElo "2102"]
[BlackElo "2264"]
[PlyCount "54"]
[EventDate "2008.03.15"]
[SourceDate "2007.10.27"]

1. e4 c5 2. Nf3 Nc6 3. d4 cxd4 4. Nxd4 e5 5. Nb5 d6 6. c4 Be7 7. N1c3 a6 8. Na3
f5 9. exf5 Bxf5 10. Nc2 Nf6 11. Be2 O-O 12. O-O Rc8 13. Ne3 Be6 14. Ned5 Nd4
15. Be3 Nxd5 16. Nxd5 Bxd5 17. cxd5 Nc2 18. Bd3 Nxe3 19. fxe3 Qb6 20. Qe2 Bg5
21. Rxf8+ Rxf8 22. Re1 g6 23. Kh1 Qc5 24. e4 Qd4 25. Rd1 Rf2 26. Qg4 Qxd3 27.
h4 Rf1+ 0-1

[Event "Bischwiller II-Mundolsheim"]
[Site "Mundolsheim"]
[Date "2008.03.15"]
[Round "8.5"]
[White "Lutz, Eric"]
[Black "Duchateau, Thomas"]
[Result "1/2-1/2"]
[WhiteElo "2230"]
[BlackElo "2133"]
[PlyCount "125"]
[EventDate "2008.03.15"]
[SourceDate "2007.10.27"]

1. d4 Nf6 2. c3 c5 3. dxc5 e6 4. b4 a5 5. Qa4 b6 6. cxb6 Qxb6 7. Nf3 Na6 8. Be3
Bc5 9. Bxc5 Nxc5 10. Qa3 Nce4 11. e3 Ng4 12. bxa5 Qa7 13. Nd4 Nexf2 14. Be2
Nxe3 15. Kxf2 Nc2 16. Qb2 Nxa1 17. Bf3 Rb8 18. Qxa1 O-O 19. Re1 Re8 20. Nd2
Qxa5 21. Nc4 Qc5 22. Ne3 Ba6 23. Nb3 Qc7 24. g3 Rec8 25. Rc1 d5 26. Be2 Bxe2
27. Kxe2 Qe5 28. Qb2 Rb4 29. Qd2 Re4 30. Kf2 f5 31. Ng2 Rf8 32. Re1 Rxe1 33.
Qxe1 Qxe1+ 34. Kxe1 Ra8 35. Nc1 Kf7 36. Kd2 e5 37. Ne3 Ke6 38. Nc2 g5 39. Kd3
f4 40. a3 fxg3 41. hxg3 h5 42. Ne2 h4 43. gxh4 gxh4 44. Ke3 Rf8 45. Ng1 Rf1 46.
Nf3 Rc1 47. Nfe1 Kf5 48. Kf3 Rb1 49. Ng2 h3 50. Nge3+ Ke6 51. Kg3 Rb3 52. Nd1
d4 53. Kxh3 d3 54. Nce3 Rxa3 55. Kg4 Ra4+ 56. c4 Ra8 57. Kf3 Rd8 58. Nd5 Rxd5
59. cxd5+ Kxd5 60. Ke3 Kc6 61. Kxd3 Kb7 62. Ke4 Ka8 63. Kxe5 1/2-1/2

[Event "Bischwiller II-Mundolsheim"]
[Site "Mundolsheim"]
[Date "2008.03.15"]
[Round "8.6"]
[White "Hoffmann, Regis"]
[Black "Netzer, Jacques"]
[Result "0-1"]
[WhiteElo "2127"]
[BlackElo "2011"]
[PlyCount "80"]
[EventDate "2008.03.15"]
[SourceDate "2007.10.27"]

1. d4 Nf6 2. Bg5 e6 3. Nd2 h6 4. Bh4 Nc6 5. e3 d6 6. c4 g5 7. Bg3 e5 8. d5 Ne7
9. Bd3 Bg7 10. f3 Nh5 11. Bf2 f5 12. g4 fxg4 13. fxg4 Nf6 14. h3 O-O 15. Qc2 c6
16. e4 Ng6 17. Be3 Nf4 18. Bxf4 exf4 19. Ngf3 Nd7 20. h4 Ne5 21. Nxe5 Bxe5 22.
O-O-O Bxg4 23. Rdg1 h5 24. hxg5 Bd4 25. Rf1 f3 26. e5 Qxg5 27. Kb1 cxd5 28.
exd6 Be3 29. Nb3 Rac8 30. Qc3 Qf6 31. Bh7+ Kxh7 32. Qxe3 dxc4 33. Nd4 Rce8 34.
Qg1 Re4 35. Nxf3 Bxf3 36. Rxh5+ Bxh5 37. Rxf6 Rxf6 38. Qg5 Bg6 39. Kc1 Rxd6 40.
Qg3 Red4 0-1

[Event "Bischwiller II-Mundolsheim"]
[Site "Mundolsheim"]
[Date "2008.03.15"]
[Round "8.7"]
[White "Genzling, Sylvie"]
[Black "Briet, Antoine"]
[Result "0-1"]
[WhiteElo "1942"]
[BlackElo "2171"]
[PlyCount "110"]
[EventDate "2008.03.15"]
[SourceDate "2007.10.27"]

1. e4 c5 2. Nf3 d6 3. d4 cxd4 4. Nxd4 Nf6 5. Nc3 a6 6. Be2 e5 7. Nb3 Be7 8. O-O
O-O 9. a4 Be6 10. Kh1 Nbd7 11. f4 Qc7 12. Be3 Rad8 13. Qe1 Nb6 14. Qf2 Nc4 15.
Bxc4 Qxc4 16. f5 Bc8 17. Qg3 Kh8 18. Bg5 Nh5 19. Qh4 Bxg5 20. Qxg5 Nf6 21. Qe3
d5 22. exd5 Nxd5 23. Nxd5 Rxd5 24. f6 g6 25. Qh6 Rg8 26. Rad1 Bg4 27. Rc1 e4
28. Qe3 Qxa4 29. Nc5 Qc6 30. Nxe4 Bf5 31. Ng5 Qxf6 32. g4 Qxg5 33. Qc3+ f6 34.
gxf5 Rxf5 35. Rce1 Rxf1+ 36. Rxf1 Qd5+ 37. Kg1 Rf8 38. Qc7 Rf7 39. Qb6 Kg7 40.
c3 Qg5+ 41. Kh1 Rd7 42. Qb4 Qd5+ 43. Kg1 Qd6 44. Qg4 Qc5+ 45. Kh1 f5 46. Qg5
Qd5+ 47. Kg1 Qd2 48. Qg3 Qd6 49. Qg2 Qc5+ 50. Kh1 Qd5 51. Qxd5 Rxd5 52. Re1 Kf6
53. Re2 f4 54. Kg2 g5 55. b4 Rd3 0-1

[Event "Bischwiller II-Mundolsheim"]
[Site "Mundolsheim"]
[Date "2008.03.15"]
[Round "8.8"]
[White "Bodlenner, Camille"]
[Black "Bellahcene, Bilel"]
[Result "1/2-1/2"]
[WhiteElo "1882"]
[BlackElo "1648"]
[PlyCount "43"]
[EventDate "2008.03.15"]
[SourceDate "2007.10.27"]

1. e4 c5 2. d4 cxd4 3. c3 dxc3 4. Nxc3 Nc6 5. Nf3 e6 6. Bc4 Be7 7. Qe2 d6 8.
O-O Nf6 9. Rd1 e5 10. h3 O-O 11. Bb5 Qc7 12. Bg5 a6 13. Bxf6 Bxf6 14. Nd5 Qd8
15. Ba4 b5 16. Bb3 Bg5 17. Qd3 Ra7 18. a4 b4 19. Qc4 Na5 20. Qd3 Nc6 21. Qc4
Na5 22. Qd3 1/2-1/2

[Event "Strasbourg II-Saverne"]
[Site "Saverne"]
[Date "2008.03.15"]
[Round "8.1"]
[White "Werner, Clemens"]
[Black "Drabke, Lorenz"]
[Result "1/2-1/2"]
[WhiteElo "2291"]
[BlackElo "2425"]
[PlyCount "67"]
[EventDate "2008.03.15"]
[SourceDate "2007.10.27"]

1. e4 c5 2. c3 Qa5 3. g3 Nc6 4. Bg2 Nf6 5. Ne2 Ne5 6. d3 c4 7. dxc4 Nxc4 8. b3
Nb6 9. O-O d6 10. Bb2 Qh5 11. Nf4 Qxd1 12. Rxd1 e5 13. Nd3 Bg4 14. Re1 Be7 15.
c4 Nbd7 16. h3 Be6 17. f4 exf4 18. gxf4 Nb6 19. Nc3 O-O 20. Rad1 Rfd8 21. Re2
Rab8 22. Kh2 Kf8 23. Bf3 a6 24. Red2 Ne8 25. Nf2 Nd7 26. Ng4 Nc5 27. Ba3 b6 28.
Ne3 Nc7 29. Ned5 Nxd5 30. Nxd5 Bxd5 31. Rxd5 Re8 32. Kg3 Kg8 33. h4 Bf8 34.
Bxc5 1/2-1/2

[Event "Strasbourg II-Saverne"]
[Site "Saverne"]
[Date "2008.03.15"]
[Round "8.2"]
[White "Lisanti, Andre"]
[Black "Kiefer, Gerhard"]
[Result "0-1"]
[WhiteElo "2262"]
[BlackElo "2262"]
[PlyCount "108"]
[EventDate "2008.03.15"]
[SourceDate "2007.10.27"]

1. Nf3 Nf6 2. c4 g6 3. b3 Bg7 4. Bb2 O-O 5. g3 d6 6. Bg2 e5 7. O-O Nc6 8. Nc3
Nd4 9. Ne1 c6 10. e3 Ne6 11. f4 Nc5 12. fxe5 dxe5 13. Ba3 Bg4 14. Qc1 b6 15.
Bxc6 Rc8 16. Bg2 Re8 17. Qc2 Bf5 18. Qd1 e4 19. Rc1 h5 20. Qe2 Bg4 21. Qf2 Re5
22. Nd5 Rf5 23. Nf4 g5 24. h3 gxf4 25. gxf4 Bf3 26. Nxf3 exf3 27. Qxf3 Qxd2 28.
Rf2 Qa5 29. Bxc5 Qxc5 30. e4 Nxe4 31. Qxe4 Bd4 32. Rcc2 Rd8 33. b4 Qc8 34. Kh2
Bxf2 35. Rxf2 Qe6 36. Qc2 Qf6 37. Qe4 Qe6 38. Qc2 Rf6 39. Bd5 Qe3 40. Rf3 Qd4
41. Qg2+ Kf8 42. b5 Re8 43. Qf2 Qd1 44. Re3 Rxe3 45. Qxe3 Qc2+ 46. Kg3 Rg6+ 47.
Kh4 Qb2 48. Qe5 Qf2+ 49. Kxh5 Rh6+ 50. Kg4 Rh4+ 51. Kf5 Rh5+ 52. Ke4 Qe2+ 53.
Kd4 Rxe5 54. fxe5 Qxa2 0-1